| 000 | 00682nam a2200241 a 4500 | ||
|---|---|---|---|
| 001 | 000000332 | ||
| 003 | DO-SdBNP | ||
| 005 | 20240711100313.0 | ||
| 007 | 000000332 | ||
| 008 | 081127s2008 dr a 000 0 spa d | ||
| 020 | _a9789945408133 | ||
| 040 |
_aBPMSU _bspa _cBPMSU |
||
| 082 | 4 |
_a863.3 _bL431t 2008 _222 |
|
| 245 | 0 | 0 |
_aLazarillo de Tormes / _cAnónimo |
| 260 |
_aSanto Domingo : _bArgos, _c2008. |
||
| 300 |
_a86 p.: _bil.; _c21 cm. |
||
| 490 | 0 |
_aLiteratura universal ; _aLeer es saber. |
|
| 590 | _aInventariado, 2024/VM | ||
| 650 | 4 | _aNovela española | |
| 650 | 4 | _aLiteratura picaresca española. | |
| 910 | _aVMateo V. Control de calidad. BPMSU | ||
| 942 |
_2ddc _cBK |
||
| 999 |
_c11059 _d11059 |
||